000 00288nam a2200121Ia 4500
008 231106s2014 xx 000 0 und d
041 _aeng
082 _a751.4
100 _aSAM PIYASENA
245 _aTHE KEW BOOK OF BOTANICAL ILLUSTRATION
260 _bBARRONS
_c2014
300 _aH-159
999 _c920164
_d920164